Signal processing for mobile communications

保存先:
書誌詳細
第一著者: Ibnkahla, Mohamed
フォーマット: 図書
言語:Undetermined
出版事項: CRC Press 2005 2005
主題:
タグ: タグ追加
タグなし, このレコードへの初めてのタグを付けませんか!
Thư viện lưu trữ: Trung tâm Học liệu Trường Đại học Cần Thơ
LEADER 00514nam a2200181Ia 4500
001 CTU_117944
008 210402s9999 xx 000 0 und d
082 |a 621.382 
082 |b I.13 
100 |a Ibnkahla, Mohamed 
245 0 |a Signal processing for mobile communications 
245 0 |c Mohamed Ibnkahla 
260 |a CRC Press 
260 |b 2005 
260 |c 2005 
650 |a signal processing,mobile communication systems 
904 |i Tuyến 
980 |a Trung tâm Học liệu Trường Đại học Cần Thơ